| 000 | 00932nam a22002177a 4500 | ||
|---|---|---|---|
| 999 |
_c5995 _d5995 |
||
| 003 | AR-CdUCM | ||
| 008 | 190313b ||||| |||| 00| 0 spa d | ||
| 040 |
_aMUNICIPALIDAD PROVINCIAL DEL CUSCO _cBIBLIOTECA MUNICIPAL DEL CUSCO |
||
| 082 |
_a398.265 / _bQ44 |
||
| 100 |
_aQuijada Jara, Sergio _917558 |
||
| 245 | _aLa tradicional fiesta de la virgen de la Natividad o de Cocharcas / | ||
| 260 |
_aLima : _bImprenta "Atlántida", _c1947. |
||
| 300 |
_a21 páginas ; _bilustraciones, pentagramas ; _c21 cm. |
||
| 500 | _aDonación de la familia Nieto. | ||
| 505 | _aContenido: Algunos milagros que se le atribuye la gente a la virgen de Cocharcas -- Descripción de las pandillas de bailantes los carachaquis ... | ||
| 650 |
_aVirgen de Cocharcas - Virgen de la Natividad _917559 |
||
| 650 |
_aFiestas religiosas costumbristas - Perú _917560 |
||
| 650 |
_aFestividades - Perú _917561 |
||
| 942 |
_2ddc _cLIBROS |
||
| 945 | _alccs | ||